| 000 | 00879nam a22002537a 4500 | ||
|---|---|---|---|
| 001 | 323 | ||
| 003 | FISKH | ||
| 005 | 20230321131148.0 | ||
| 008 | 230321b cb ||||| |||| 00| 0 eng d | ||
| 020 | _a9781409392217 | ||
| 040 |
_aFISKH _beng _cFISKH _dFISKH |
||
| 050 | _aPZ7 | ||
| 082 | _a823.92 | ||
| 100 | _aBehrent, Sue | ||
| 245 |
_aZoshling encounters _bMusic Island Missions _cT Shrewman |
||
| 260 |
_aLondon _bPuffin _c2013 |
||
| 300 |
_a142 p. _c20 cm. |
||
| 490 |
_aMusic Island Missions _vv. 1 |
||
| 505 | _aK | ||
| 520 | _aElder Furi has disappeared, a strange new star appears to be growing in the sky above Monstro City and an unidentified flying object has crash-landed on Music Island. It's time for the Super Moshis to investigate in this brand new Moshi Monsters fiction series! | ||
| 521 | 8 |
_a600
_bLexile |
|
| 521 | 8 |
_aK
_bRaz-Plus |
|
| 942 |
_2ddc _cBK _n0 |
||
| 999 |
_c323 _d323 |
||